[Event "AUS-ch Major"]
[Site "Sydney"]
[Date "2020.01.06"]
[Round "5"]
[White "Rupasinghe, Chanya"]
[Black "Greenwood, Norman"]
[Result "1-0"]
[WhiteElo "928"]
[BlackElo "1433"]
[PlyCount "97"]
[EventDate "2020.01.02"]
[EventType "swiss"]
[EventRounds "11"]
[EventCountry "AUS"]
[SourceTitle "EXT 2021"]
[Source "ChessBase"]
[SourceDate "2020.10.23"]
[SourceVersion "1"]
[SourceVersionDate "2020.10.23"]
[SourceQuality "1"]

1. d4 Nf6 2. Bf4 d6 3. c4 Nbd7 4. Nc3 e5 5. dxe5 dxe5 6. Bg3 c6 7. a3 Be7 8. Nf3 Qc7 9. e3 0-0 10. Be2 Re8 11. 0-0 Nh5 12. Kh1 Nxg3+ 13. fxg3 Bc5 14. Qd3 Bf8 15. Ng5 e4 16. Ncxe4 Ne5 17. Qb3 f6 18. c5+ Nf7 19. Nxf7 Qxf7 20. Qxf7+ Kxf7 21. Bc4+ Be6 22. Ng5+ Kg6 23. Nxe6 Rxe6 24. Bxe6 Bxc5 25. Bf5+ Kh6 26. Rae1 g6 27. Bc2 f5 28. Rf4 Re8 29. Rc4 Bd6 30. Kg1 Be5 31. Rb4 Re7 32. b3 Bc3 33. Rh4+ Kg7 34. Re2 b5 35. e4 g5 36. Rh3 h6 37. Kf1 g4 38. Rh5 f4 39. gxf4 Bb2 40. a4 a6 41. Bd3 Bc1 42. f5 Bg5 43. e5 Rd7 44. f6+ Kf8 45. e6 Rxd3 46. e7+ Ke8 47. f7+ Kxf7 48. e8Q+ Kg7 49. Rxg5+ 1-0

[Event "Oceania zt"]
[Site "Cammeray"]
[Date "2015.07.09"]
[Round "8"]
[White "Qin, Tomson"]
[Black "Greenwood, Norman"]
[Result "1-0"]
[WhiteElo "1637"]
[BlackElo "1644"]
[PlyCount "63"]
[EventDate "2015.07.04"]
[EventType "swiss"]
[EventRounds "9"]
[EventCountry "AUS"]
[SourceTitle "EXT 2017"]
[Source "ChessBase"]
[SourceDate "2016.10.25"]
[SourceVersion "1"]
[SourceVersionDate "2016.10.25"]
[SourceQuality "1"]

1. e4 e5 2. f4 exf4 3. Bc4 Qh4+ 4. Kf1 Nf6 5. Nf3 Qh5 6. Nc3 Bb4 7. Nb5 Bd6 8. e5 Bxe5 9. Qe2 d6 10. Nxe5 dxe5 11. Qxh5 Nxh5 12. Nxc7+ Ke7 13. Nxa8 Na6 14. b3 Bf5 15. Bxa6 bxa6 16. Nc7 Bxc2 17. Kf2 Bd3 18. Nd5+ Kd7 19. Nb4 e4 20. Nxd3 exd3 21. Bb2 Rg8 22. Rhe1 g5 23. Re5 Kd6 24. Ra5 f6 25. Rxa6+ Kd5 26. Rxa7 h6 27. b4 g4 28. Ra5+ Kc4 29. Rxh5 g3+ 30. hxg3 fxg3+ 31. Kf3 Rg6 32. Bc3 1-0

[Event "Oceania zt"]
[Site "Cammeray"]
[Date "2015.07.07"]
[Round "5"]
[White "Wang, Aaron Ziwen"]
[Black "Greenwood, Norman"]
[Result "1-0"]
[WhiteElo "1580"]
[BlackElo "1644"]
[PlyCount "69"]
[EventDate "2015.07.04"]
[EventType "swiss"]
[EventRounds "9"]
[EventCountry "AUS"]
[SourceTitle "CBM 167 Extra"]
[Source "ChessBase"]
[SourceDate "2015.09.14"]
[SourceVersion "1"]
[SourceVersionDate "2015.09.14"]
[SourceQuality "1"]

1. c4 c5 2. Nc3 g6 3. Nf3 Bg7 4. g3 d6 5. d4 cxd4 6. Nxd4 a6 7. Bg2 Nf6 8. 0-0 0-0 9. Be3 Nbd7 10. Nb3 Qc7 11. Rc1 Rb8 12. Nd5 Nxd5 13. cxd5 Qd8 14. Bd4 Nf6 15. Qd2 b5 16. Na5 Bd7 17. Nc6 Bxc6 18. dxc6 Qc7 19. e4 Rfd8 20. Qe3 Ng4 21. Qc3 e5 22. Be3 Nxe3 23. fxe3 b4 24. Qc4 Rb6 25. Bh3 Rf8 26. Bd7 Bh6 27. Rce1 Kg7 28. Rf3 f6 29. Qd5 f5 30. exf5 a5 31. fxg6 Rbb8 32. Ref1 Qa7 33. Rxf8 Qxe3+ 34. R1f2 Kxg6 35. Qf7+ 1-0

[Event "Sydney op-B"]
[Site "Parramatta"]
[Date "2013.04.07"]
[Round "9"]
[White "Greenwood, Norman"]
[Black "Childs, Stephen"]
[Result "1-0"]
[WhiteElo "1503"]
[BlackElo "1283"]
[PlyCount "85"]
[EventDate "2013.04.03"]
[EventType "swiss"]
[EventRounds "9"]
[EventCountry "AUS"]
[SourceTitle "EXT 2023"]
[Source "ChessBase"]
[SourceDate "2022.10.05"]
[SourceVersion "1"]
[SourceVersionDate "2022.10.05"]
[SourceQuality "1"]

1. d4 Nf6 2. Nf3 d5 3. c3 e6 4. Ne5 h6 5. Nd2 Nbd7 6. f4 Nxe5 7. fxe5 Nd7 8. e3 g6 9. Bd3 Bg7 10. 0-0 0-0 11. Nf3 Kh7 12. Qc2 c5 13. b3 a6 14. a4 b6 15. h4 Kh8 16. Bb2 Bb7 17. Rf2 Bc6 18. c4 dxc4 19. bxc4 Qb8 20. e4 b5 21. d5 bxc4 22. Bxc4 Nxe5 23. Bxe5 Bxe5 24. Rb1 Qc7 25. dxc6 Qxc6 26. Bd3 Bg7 27. e5 f5 28. exf6 Bxf6 29. Be4 Qd6 30. Bxa8 Rxa8 31. Qxg6 Bg7 32. Rd2 Qe7 33. Rbd1 Ra7 34. Rd8+ Bf8 35. Qxh6+ Kg8 36. Qg5+ Qxg5 37. Nxg5 Re7 38. R1d7 Rxd7 39. Rxd7 e5 40. Rc7 Bh6 41. Rxc5 Kg7 42. Rxe5 Kf6 43. Ra5 1-0

[Event "Sydney op-B"]
[Site "Parramatta"]
[Date "2013.04.06"]
[Round "8"]
[White "Edwards, Greig"]
[Black "Greenwood, Norman"]
[Result "1-0"]
[WhiteElo "1406"]
[BlackElo "1503"]
[PlyCount "71"]
[EventDate "2013.04.03"]
[EventType "swiss"]
[EventRounds "9"]
[EventCountry "AUS"]
[SourceTitle "EXT 2023"]
[Source "ChessBase"]
[SourceDate "2022.10.05"]
[SourceVersion "1"]
[SourceVersionDate "2022.10.05"]
[SourceQuality "1"]

1. d4 Nf6 2. c4 e6 3. Nc3 Bb4 4. Qc2 0-0 5. Nf3 d5 6. a3 Be7 7. e3 c6 8. h3 b6 9. cxd5 exd5 10. Bd3 Ba6 11. 0-0 Bxd3 12. Qxd3 Nbd7 13. Bd2 Bd6 14. Rac1 Rc8 15. Rfe1 Bb8 16. e4 dxe4 17. Nxe4 h6 18. Bb4 c5 19. dxc5 Nxe4 20. Qxe4 bxc5 21. Bc3 Nf6 22. Qc4 Nh7 23. Qg4 Nf6 24. Qc4 Nh7 25. Rcd1 Qb6 26. Ne5 Bxe5 27. Bxe5 Ng5 28. Bc3 Qg6 29. Rd3 Qc6 30. Rg3 Ne6 31. Rxe6 fxe6 32. Rxg7+ Kh8 33. Rc7+ Kg8 34. Rxc6 Rxc6 35. Qg4+ Kf7 36. Qf3+ 1-0

[Event "Sydney op-B"]
[Site "Parramatta"]
[Date "2013.04.03"]
[Round "2"]
[White "Wilkie, Mary"]
[Black "Greenwood, Norman"]
[Result "1/2-1/2"]
[WhiteElo "1300"]
[BlackElo "1503"]
[PlyCount "144"]
[EventDate "2013.04.03"]
[EventType "swiss"]
[EventRounds "9"]
[EventCountry "AUS"]
[SourceTitle "EXT 2023"]
[Source "ChessBase"]
[SourceDate "2022.10.05"]
[SourceVersion "1"]
[SourceVersionDate "2022.10.05"]
[SourceQuality "1"]

1. e4 e5 2. Nf3 Nf6 3. Nc3 Bb4 4. Bc4 Bxc3 5. bxc3 0-0 6. d3 d6 7. h3 b6 8. 0-0 a5 9. a4 Nbd7 10. d4 Nxe4 11. Qd3 Bb7 12. Bd2 Nef6 13. Qf5 Be4 14. Qg5 Bxf3 15. gxf3 h6 16. Qg2 Kh8 17. Kh2 d5 18. Rg1 Rg8 19. Bd3 e4 20. fxe4 dxe4 21. Bxe4 Nxe4 22. Qxe4 Nf6 23. Qg2 Qd6+ 24. f4 Qd5 25. Qf1 Rad8 26. Be3 Qe4 27. Qd3 Rge8 28. Rae1 Qxd3 29. cxd3 Rd7 30. Bf2 Rde7 31. Rxe7 Rxe7 32. Bh4 Re2+ 33. Rg2 Rxg2+ 34. Kxg2 Nd5 35. Kf3 Nxc3 36. Bd8 Nd5 37. Ke4 c6 38. Ke5 Kg8 39. Kd6 Nc3 40. Bxb6 Nxa4 41. Bxa5 Nb2 42. Kxc6 Nxd3 43. f5 Kf8 44. Kd6 Ke8 45. Bd2 Nf2 46. Kc7 h5 47. d5 Ne4 48. Bb4 g6 49. f6 Nxf6 50. d6 Nd7 51. Bd2 f6 52. h4 Nc5 53. Be3 Ne6+ 54. Kc8 Nf8 55. Bh6 Nd7 56. Bf4 Nb6+ 57. Kb7 Nd7 58. Kc7 Nf8 59. Bd2 Ne6+ 60. Kc8 Nc5 61. Be3 Nd7 62. Bd4 g5 63. hxg5 fxg5 64. Be3 g4 65. Bf2 Nf8 66. Bh4 Nd7 67. Kc7 Ne5 68. Kc8 Nd7 69. Kc7 Ne5 70. Kc8 Nd7 71. Kc7 Nf8 72. Kc8 Nd7 1/2-1/2

[Event "AUS-ch Minor"]
[Site "Cammeray"]
[Date "2013.01.10"]
[Round "8"]
[White "Greenwood, Norman"]
[Black "Gu, Theresa"]
[Result "1-0"]
[WhiteElo "1516"]
[BlackElo "1241"]
[PlyCount "93"]
[EventDate "2013.01.02"]
[EventType "swiss"]
[EventRounds "11"]
[EventCountry "AUS"]
[SourceTitle "EXT 2022"]
[Source "ChessBase"]
[SourceDate "2021.10.06"]
[SourceVersion "1"]
[SourceVersionDate "2021.10.06"]
[SourceQuality "1"]

1. d4 d5 2. Nf3 c6 3. c3 Bg4 4. Ne5 Nf6 5. Nxg4 Nxg4 6. e4 Nf6 7. e5 Nfd7 8. Nd2 e6 9. f4 f6 10. Qh5+ g6 11. Qh3 Qe7 12. Nf3 fxe5 13. fxe5 c5 14. Be3 cxd4 15. Bxd4 Nc6 16. 0-0-0 0-0-0 17. Kb1 a6 18. Bd3 Re8 19. Bxg6 Rd8 20. Bh5 Bg7 21. Bg4 Kb8 22. Bxe6 Ndxe5 23. Bxe5+ Nxe5 24. Nxe5 Bxe5 25. Bxd5 Qc5 26. Bb3 Qc7 27. g3 Rxd1+ 28. Rxd1 Rf8 29. Bc2 Rf7 30. Qh4 Ka7 31. Bb3 Rf2 32. Bc2 Rf7 33. Qg4 Rg7 34. Qe4 Re7 35. Qe3+ Kb8 36. Rf1 Re8 37. h3 Bg7 38. Qxe8+ Ka7 39. Qf7 Qxf7 40. Rxf7 Be5 41. Be4 Kb6 42. Rxb7+ Kc5 43. g4 a5 44. Bxh7 Kd6 45. Bf5 Bf6 46. Rb6+ Ke7 47. Ra6 1-0

[Event "AUS-ch Minor"]
[Site "Cammeray"]
[Date "2013.01.07"]
[Round "6"]
[White "Greenwood, Norman"]
[Black "Ombina, Edward P"]
[Result "1-0"]
[WhiteElo "1516"]
[BlackElo "1415"]
[PlyCount "22"]
[EventDate "2013.01.02"]
[EventType "swiss"]
[EventRounds "11"]
[EventCountry "AUS"]
[SourceTitle "EXT 2022"]
[Source "ChessBase"]
[SourceDate "2021.10.06"]
[SourceVersion "1"]
[SourceVersionDate "2021.10.06"]
[SourceQuality "1"]

1. d4 d5 2. Nf3 Nc6 3. e3 e5 4. dxe5 Nxe5 5. Nxe5 Qf6 6. Nf3 c6 7. Qd4 Bd6 8. Qxf6 Nxf6 9. Nbd2 Bg4 10. h3 Bh5 11. Bd3 c5 1-0

[Event "AUS-ch Minor"]
[Site "Cammeray"]
[Date "2011.01.04"]
[Round "3"]
[White "Stokes, Mark"]
[Black "Greenwood, Norman"]
[Result "1-0"]
[WhiteElo "1532"]
[BlackElo "1407"]
[PlyCount "67"]
[EventDate "2011.01.02"]
[EventType "swiss"]
[EventRounds "11"]
[EventCountry "AUS"]
[SourceTitle "EXT 2012"]
[Source "ChessBase"]
[SourceDate "2011.11.24"]
[SourceVersion "1"]
[SourceVersionDate "2011.11.24"]
[SourceQuality "1"]

1. d4 e6 2. e3 c5 3. Bd3 cxd4 4. exd4 Nf6 5. f4 d5 6. Nf3 Bd6 7. Ne5 Nbd7 8. Nd2 Nf8 9. Qe2 N6d7 10. 0-0 Qe7 11. Ndf3 f6 12. Ng4 Nb6 13. Bd2 Bd7 14. b3 0-0-0 15. c4 dxc4 16. bxc4 Bb4 17. Bxb4 Qxb4 18. Rfb1 Qa5 19. Nf2 Ng6 20. g3 Kb8 21. Be4 f5 22. Bxb7 Kxb7 23. c5 h6 24. Ne5 Nxe5 25. Qxe5 g5 26. c6+ Bxc6 27. Qxa5 Rxd4 28. Qe5 Rhd8 29. Rd1 Rxd1+ 30. Rxd1 Bd5 31. Rc1 Rd7 32. Nd3 Re7 33. Nc5+ Ka8 34. Qh8+ 1-0

[Event "AUS-ch Minor"]
[Site "Cammeray"]
[Date "2011.01.02"]
[Round "1"]
[White "Farrell, Keith"]
[Black "Greenwood, Norman"]
[Result "0-1"]
[WhiteElo "1188"]
[BlackElo "1407"]
[PlyCount "70"]
[EventDate "2011.01.02"]
[EventType "swiss"]
[EventRounds "11"]
[EventCountry "AUS"]
[SourceTitle "EXT 2012"]
[Source "ChessBase"]
[SourceDate "2011.11.24"]
[SourceVersion "1"]
[SourceVersionDate "2011.11.24"]
[SourceQuality "1"]

1. e4 c6 2. d4 d5 3. Nc3 dxe4 4. Nxe4 Bf5 5. Ng3 Bg6 6. Nf3 e6 7. Bc4 Nf6 8. 0-0 Nbd7 9. Bg5 Be7 10. c3 h6 11. Bf4 0-0 12. Qd2 Nd5 13. Ne5 Nxf4 14. Qxf4 Bd6 15. Qe3 Nb6 16. Bb3 Nd5 17. Bxd5 Bxe5 18. Qxe5 Qxd5 19. Qxd5 cxd5 20. Rac1 a6 21. c4 dxc4 22. Rxc4 Bd3 23. Rc7 Bxf1 24. Kxf1 b5 25. Ke2 Rfc8 26. Rxc8+ Rxc8 27. Kd3 Rc1 28. Ne4 Rh1 29. Kc3 a5 30. Nd6 b4+ 31. Kb3 Rxh2 32. Nb7 Rxg2 33. Nxa5 Rxf2 34. Nc4 h5 35. Kxb4 h4 0-1

[Event "Sydney op-B"]
[Site "Parramatta"]
[Date "2010.04.10"]
[Round "8"]
[White "Greenwood, Norman"]
[Black "Reynolds, Paul J"]
[Result "0-1"]
[WhiteElo "1752"]
[BlackElo "1443"]
[PlyCount "78"]
[EventDate "2010.04.07"]
[EventType "swiss"]
[EventRounds "9"]
[EventCountry "AUS"]
[SourceTitle "EXT 2012"]
[Source "ChessBase"]
[SourceDate "2011.11.24"]
[SourceVersion "1"]
[SourceVersionDate "2011.11.24"]
[SourceQuality "1"]

1. d4 f5 2. Nf3 Nf6 3. e3 e6 4. Nc3 Be7 5. d5 d6 6. Bb5+ c6 7. dxc6 bxc6 8. Bc4 0-0 9. 0-0 Qc7 10. a3 d5 11. Ba2 e5 12. b4 a6 13. Bb2 Nbd7 14. Ne2 e4 15. Ne1 Ng4 16. g3 Bb7 17. c4 Nb6 18. Nf4 Kh8 19. Ne6 Qd6 20. Nxf8 Qh6 21. h4 Bxh4 22. Kg2 Bxg3 23. Rh1 Qxh1+ 24. Kxh1 Nxf2+ 25. Kg2 Nxd1 26. Rxd1 Bxe1 27. Rxe1 Rxf8 28. Bd4 Nxc4 29. Bxc4 dxc4 30. Kg3 Kg8 31. Rg1 g5 32. Rc1 f4+ 33. exf4 gxf4+ 34. Kf2 e3+ 35. Kf1 Re8 36. Ke2 f3+ 37. Ke1 Bc8 38. Rc3 f2+ 39. Kf1 Bh3+ 0-1

[Event "Sydney op-B"]
[Site "Parramatta"]
[Date "2010.04.08"]
[Round "4"]
[White "Greenwood, Norman"]
[Black "Lin, Mark"]
[Result "1-0"]
[WhiteElo "1752"]
[BlackElo "775"]
[PlyCount "81"]
[EventDate "2010.04.07"]
[EventType "swiss"]
[EventRounds "9"]
[EventCountry "AUS"]
[SourceTitle "EXT 2012"]
[Source "ChessBase"]
[SourceDate "2011.11.24"]
[SourceVersion "1"]
[SourceVersionDate "2011.11.24"]
[SourceQuality "1"]

1. d4 d5 2. Nf3 Nf6 3. e3 Nc6 4. c3 Bg4 5. Nbd2 e6 6. Bb5 Be7 7. Qa4 0-0 8. Bxc6 bxc6 9. Qxc6 Bf5 10. Ne5 Qd6 11. f4 Ng4 12. Ndf3 f6 13. Qxd6 Bxd6 14. Nxg4 Bxg4 15. 0-0 c5 16. h3 Bf5 17. g4 Be4 18. dxc5 Bxc5 19. Nd4 Rfe8 20. b4 Bb6 21. a4 Rac8 22. Bd2 Bxd4 23. exd4 Rc7 24. Rfc1 Kf7 25. Ra3 Rb8 26. Kf2 Ke7 27. Ke3 a6 28. Rb3 Kd7 29. Ra1 Kc8 30. Ra2 Kd7 31. b5 axb5 32. Rxb5 Rxb5 33. axb5 Rb7 34. Rb2 Kc7 35. c4 Kd7 36. c5 Rb8 37. b6 Kc6 38. Ra2 Bg2 39. h4 Bf1 40. Ra7 Bb5 41. Rc7# 1-0

[Event "Sydney op-B"]
[Site "Parramatta"]
[Date "2010.04.07"]
[Round "1"]
[White "Childs, Stephen"]
[Black "Greenwood, Norman"]
[Result "1-0"]
[WhiteElo "1132"]
[BlackElo "1752"]
[PlyCount "71"]
[EventDate "2010.04.07"]
[EventType "swiss"]
[EventRounds "9"]
[EventCountry "AUS"]
[SourceTitle "EXT 2012"]
[Source "ChessBase"]
[SourceDate "2011.11.24"]
[SourceVersion "1"]
[SourceVersionDate "2011.11.24"]
[SourceQuality "1"]

1. d4 c6 2. e4 d5 3. e5 Bf5 4. Bd3 Bg6 5. f4 e6 6. Nf3 Ne7 7. 0-0 Qb6 8. c3 c5 9. Kh1 Bh5 10. Be2 Nbc6 11. dxc5 Qxc5 12. b4 Qb6 13. a4 a6 14. Nd4 Bg6 15. Nxc6 Bxb1 16. Nxe7 Bxe7 17. Rxb1 g6 18. Qd3 0-0 19. Be3 Qc7 20. c4 Rfd8 21. cxd5 Rxd5 22. Qc4 Qd8 23. Rfd1 b5 24. axb5 axb5 25. Rxd5 exd5 26. Qxb5 d4 27. Rd1 Rb8 28. Rxd4 Qf8 29. Qd3 Bxb4 30. h3 Bc5 31. Rc4 Be7 32. f5 f6 33. fxg6 fxe5 34. gxh7+ Kh8 35. Rg4 Bf6 36. Rg8+ 1-0

[Event "AUS-ch Minor"]
[Site "Cammeray"]
[Date "2010.01.12"]
[Round "10"]
[White "Guo, Jamie Lee"]
[Black "Greenwood, Norman"]
[Result "1-0"]
[WhiteElo "943"]
[BlackElo "1384"]
[PlyCount "89"]
[EventDate "2010.01.02"]
[EventType "swiss"]
[EventRounds "11"]
[EventCountry "AUS"]
[SourceTitle "EXT 2011"]
[Source "ChessBase"]
[SourceDate "2010.11.26"]
[SourceVersion "1"]
[SourceVersionDate "2010.11.26"]
[SourceQuality "1"]

1. e4 d5 2. exd5 Qxd5 3. Nc3 Qa5 4. d4 Nf6 5. Bd2 Bg4 6. Ne4 Nxe4 7. Bxa5 Bxd1 8. Rxd1 c6 9. Bd3 Nd6 10. Nf3 g6 11. 0-0 e6 12. Bb4 Nd7 13. Ne5 Nf5 14. Bxf8 Rxf8 15. Bxf5 gxf5 16. Nxd7 Kxd7 17. Rd3 Rg8 18. h3 Rg7 19. Rfd1 Rag8 20. g3 f4 21. Kh2 h5 22. Rf3 fxg3+ 23. fxg3 f5 24. Rb3 Kd6 25. c4 b6 26. Re1 h4 27. Rbe3 Rg6 28. gxh4 Rh8 29. c5+ Kd7 30. Ra3 bxc5 31. dxc5 Ra8 32. Rd1+ Kc7 33. Rad3 Rg7 34. Rd6 Re8 35. h5 f4 36. Rf1 e5 37. h6 Rf7 38. Rg1 e4 39. Rg7 Ref8 40. Rf6 Rxg7 41. hxg7 Rg8 42. Rf7+ Kd8 43. Rf8+ Ke7 44. Rxg8 Kf7 45. Rf8+ 1-0

[Event "AUS-ch Minor"]
[Site "Cammeray"]
[Date "2010.01.09"]
[Round "7"]
[White "Greenwood, Norman"]
[Black "Zhang, Daniel"]
[Result "1/2-1/2"]
[WhiteElo "1384"]
[BlackElo "1422"]
[PlyCount "98"]
[EventDate "2010.01.02"]
[EventType "swiss"]
[EventRounds "11"]
[EventCountry "AUS"]
[SourceTitle "EXT 2011"]
[Source "ChessBase"]
[SourceDate "2010.11.26"]
[SourceVersion "1"]
[SourceVersionDate "2010.11.26"]
[SourceQuality "1"]

1. d4 Nf6 2. Nf3 c5 3. e3 e6 4. Bd3 b6 5. Nbd2 Bb7 6. 0-0 Nc6 7. a3 Be7 8. b3 0-0 9. Ne5 cxd4 10. exd4 Nxd4 11. Bb2 Nc6 12. Re1 Qc7 13. Ng4 Qf4 14. Nxf6+ Bxf6 15. Re4 Qh6 16. Bxf6 Qxf6 17. Rb1 Ne5 18. Re3 Nxd3 19. Rxd3 Rfd8 20. Qh5 Qg6 21. Qxg6 hxg6 22. Rd1 f6 23. Rd6 Rac8 24. c4 Rc6 25. Nf1 Rxd6 26. Rxd6 Kf7 27. f4 Ke7 28. Rd4 d5 29. Ne3 dxc4 30. Rxc4 Rc8 31. b4 Rxc4 32. Nxc4 Ba6 33. Ne3 Kd6 34. Kf2 Kc6 35. Ke1 Bc8 36. Kd2 g5 37. fxg5 f5 38. g3 g6 39. Ng2 Bd7 40. Nf4 Be8 41. Nxe6 Kd6 42. Nf4 Ke5 43. Ke3 a5 44. bxa5 bxa5 45. Kd3 Bf7 46. Kc3 Ke4 47. Nd3 Kd5 48. Nf4+ Ke4 49. Nd3 Kd5 1/2-1/2

[Event "AUS-ch Minor"]
[Site "Cammeray"]
[Date "2010.01.07"]
[Round "5"]
[White "Greenwood, Norman"]
[Black "Zhou, Thomas"]
[Result "1-0"]
[WhiteElo "1384"]
[BlackElo "1050"]
[PlyCount "87"]
[EventDate "2010.01.02"]
[EventType "swiss"]
[EventRounds "11"]
[EventCountry "AUS"]
[SourceTitle "EXT 2011"]
[Source "ChessBase"]
[SourceDate "2010.11.26"]
[SourceVersion "1"]
[SourceVersionDate "2010.11.26"]
[SourceQuality "1"]

1. d4 Nf6 2. Nf3 d5 3. e3 e6 4. Bd3 c5 5. b3 Nc6 6. a3 Bd7 7. Bb2 Bd6 8. Nbd2 Qc7 9. 0-0 e5 10. dxe5 Nxe5 11. Be2 0-0 12. h3 Rad8 13. Rc1 Ne4 14. Bd3 f5 15. Be2 b5 16. c4 bxc4 17. bxc4 Be6 18. cxd5 Bxd5 19. Bxe5 Bxe5 20. Nc4 Bxc4 21. Bxc4+ Kh8 22. Qc2 Bd6 23. Bd3 Rfe8 24. Rb1 Rc8 25. Qc4 Qc6 26. Bc2 Qc7 27. Rb3 Be5 28. Rfb1 Nd6 29. Qd5 Ne4 30. Rb7 Qd8 31. Bxe4 fxe4 32. Qxd8 Rcxd8 33. Nxe5 Rxe5 34. Rxa7 c4 35. Rc1 Rc5 36. Ra4 c3 37. Rxe4 c2 38. Rd4 Rb8 39. Kf1 g6 40. Ke2 Rb1 41. Kd2 Rxc1 42. Kxc1 Rg5 43. g3 Ra5 44. a4 1-0

[Event "Doeberl Cup Minor 47th"]
[Site "Canberra"]
[Date "2009.04.12"]
[Round "6"]
[White "Qiao, Shan Shan"]
[Black "Greenwood, Norman"]
[Result "1-0"]
[WhiteElo "1262"]
[BlackElo "1475"]
[PlyCount "141"]
[EventDate "2009.04.10"]
[EventType "swiss"]
[EventRounds "6"]
[EventCountry "AUS"]
[SourceTitle "CBM 129 Extra"]
[Source "ChessBase"]
[SourceDate "2009.05.05"]
[SourceVersion "2"]
[SourceVersionDate "2009.05.20"]
[SourceQuality "1"]

1. e4 e5 2. Nf3 Nf6 3. Nc3 Bb4 4. Nxe5 Bxc3 5. dxc3 d6 6. Nf3 Nxe4 7. Qd4 Nf6 8. Bg5 Qe7+ 9. Be2 Nbd7 10. 0-0 0-0 11. Rfe1 b6 12. Rad1 Qd8 13. Bb5 h6 14. Bh4 g5 15. Nxg5 hxg5 16. Bxg5 Kg7 17. Rd3 Ne5 18. Rxe5 dxe5 19. Qxd8 Rxd8 20. Rxd8 Bb7 21. Rxa8 Bxa8 22. Bxf6+ Kxf6 23. Kf1 Kf5 24. f3 f6 25. Kf2 c6 26. Bd3+ Kg5 27. Kg3 Bb7 28. h4+ Kh6 29. Be4 Kh5 30. Kh3 a5 31. Kg3 Kh6 32. Kg4 Bc8+ 33. Bf5 Ba6 34. Bd3 Bc8+ 35. Kg3 Kh5 36. Be2 Kh6 37. Kf2 Be6 38. a3 f5 39. Ke3 c5 40. c4 Bd7 41. g3 Bc6 42. c3 Bd7 43. b4 axb4 44. cxb4 cxb4 45. axb4 Bc6 46. Bd3 Bd7 47. b5 Be6 48. Be2 Kg6 49. g4 Bc8 50. Bd3 e4 51. gxf5+ Kxf5 52. Bxe4+ Kf6 53. f4 Be6 54. Kd4 Bg4 55. c5 bxc5+ 56. Kxc5 Ke7 57. Kc6 Bd7+ 58. Kc7 Bxb5 59. h5 Kf7 60. h6 Ba6 61. Kd7 Be2 62. Kd6 Bg4 63. Ke5 Kg8 64. Kf6 Bd7 65. Kg5 Kh8 66. Bf5 Be8 67. Be6 Kh7 68. f5 Kh8 69. f6 Kh7 70. Bf5+ Kh8 71. Bg6 1-0

[Event "Doeberl Cup Minor 47th"]
[Site "Canberra"]
[Date "2009.04.10"]
[Round "2"]
[White "Eriksson, Caleb"]
[Black "Greenwood, Norman"]
[Result "1/2-1/2"]
[WhiteElo "1313"]
[BlackElo "1475"]
[PlyCount "73"]
[EventDate "2009.04.10"]
[EventType "swiss"]
[EventRounds "6"]
[EventCountry "AUS"]
[SourceTitle "CBM 129 Extra"]
[Source "ChessBase"]
[SourceDate "2009.05.05"]
[SourceVersion "2"]
[SourceVersionDate "2009.05.20"]
[SourceQuality "1"]

1. e4 d5 2. exd5 Nf6 3. Nc3 Bg4 4. Be2 Bxe2 5. Qxe2 c6 6. dxc6 Nxc6 7. Nf3 e6 8. 0-0 Bd6 9. d3 h6 10. Bd2 0-0 11. Ne4 Bb8 12. Bc3 Nd5 13. Qd2 f5 14. Ng3 Bf4 15. Qe1 Qd6 16. Bd2 Rae8 17. Ne2 e5 18. Bxf4 exf4 19. Qd2 g5 20. Rfe1 Qf6 21. Kh1 Kh7 22. c3 Rd8 23. Nfd4 Ne5 24. Ng1 Rfe8 25. Ngf3 Ng4 26. h3 Ne5 27. Nxe5 Rxe5 28. Rxe5 Qxe5 29. Re1 Qf6 30. Re6 Qf7 31. Qe2 Rd7 32. Qe5 Ne7 33. Rf6 Qd5 34. Qxd5 Nxd5 35. Rxf5 Kg6 36. Re5 Nb4 37. cxb4 1/2-1/2

[Event "Sydney Centenary U1600"]
[Site "Sydney"]
[Date "2009.01.02"]
[Round "1"]
[White "Greenwood, Norman"]
[Black "Edwards, Greig"]
[Result "1-0"]
[WhiteElo "1452"]
[BlackElo "1026"]
[PlyCount "113"]
[EventDate "2009.01.02"]
[EventType "swiss"]
[EventRounds "11"]
[EventCountry "AUS"]
[SourceTitle "EXT 2023"]
[Source "ChessBase"]
[SourceDate "2022.10.05"]
[SourceVersion "1"]
[SourceVersionDate "2022.10.05"]
[SourceQuality "1"]

1. d4 d5 2. Nf3 Nf6 3. Bg5 e6 4. e3 Be7 5. Nbd2 Nbd7 6. Bd3 0-0 7. 0-0 a5 8. c4 c6 9. c5 b6 10. cxb6 Nxb6 11. Qc2 h6 12. Bxf6 Bxf6 13. Qxc6 Bd7 14. Qd6 Re8 15. Qg3 Bc6 16. Rfc1 Bb7 17. Rc7 Ba6 18. Bxa6 Rxa6 19. Rac1 Ra8 20. Ne5 Be7 21. Qf4 Rf8 22. Nc6 Bd6 23. Nxd8 Bxf4 24. Nxe6 Bxc7 25. Nxf8 Rc8 26. Rc5 Kxf8 27. Rxa5 Ra8 28. Rc5 Bd8 29. a3 Rc8 30. e4 Rxc5 31. dxc5 Na4 32. b4 dxe4 33. Nxe4 Ke7 34. f4 Kd7 35. Kf2 f5 36. Nd6 Bf6 37. Nxf5 Ke6 38. g4 Bb2 39. b5 Nxc5 40. b6 Nb7 41. a4 Kf6 42. Ke3 Bc3 43. Ke4 Nc5+ 44. Kd5 Nd7 45. Kc6 Ba5 46. Kxd7 Bxb6 47. Kc6 Bg1 48. h3 Bh2 49. Nd4 Bxf4 50. a5 Bb8 51. Kb7 Bd6 52. Kc6 Bb8 53. a6 Ba7 54. Nb5 Be3 55. Nc7 Ba7 56. Nd5+ Ke6 57. Nb6 1-0